000 00652pam a2200217 a 4500
001 2859099
005 20250209121037.0
008 850401s1986 paua b 001 0 eng c
020 _a0397506902
050 1 0 _aRC930.5
_b.G73 1986
082 0 0 _a616.7/107572
_219
100 1 _aGreenfield, George B.,
_d1928-
245 1 0 _aRadiology of bone diseases /
_cGeorge B. Greenfield.
250 _a4th ed.
260 _aPhiladelphia :
_bJ. B. Lippincott,
_cc1986.
300 _axv, 926 p. :
_bill. ;
_c27 cm.
650 0 _aBones
_xRadiography.
650 0 _aBones
_xDiseases
_xDiagnosis.
650 2 _aBone and Bones
_xradiography.
942 _2lcc
_cBK
_e4th ed.
_n0
999 _c3734
_d3734